Assassinated Heads of State - Statistics

General Stats
  • This quiz has been taken 125 times
  • The average score is 14 of 32
Answer Stats
Picture Hint Answer % Correct
President of the United States Abraham Lincoln
90%
Prime Minister of Fascist Italy Benito Mussolini
89%
Killed by a conspiracy led by Cassius and Brutus Gaius Julius Caesar
89%
President of the United States John F. Kennedy
89%
Dictator of Libya Muammar Gaddafi
81%
Only female Prime Minister of India Indira Gandhi
71%
President of the United States James Garfield
66%
President of the United States William McKinley
66%
Conquistador in Peru Francisco Pizarro
56%
Nicknamed "Little Boot" Caligula
53%
King of Macedon Phillip II
53%
President of Egypt, Nobel Peace Prize laureate Anwar Sadat
50%
Israeli Prime Minister, symbol of the Israeli-Palestinian peace process Yitzhak Rabin
48%
Abolished serfdom, killed by anarchists Alexander II
44%
Son of William the Conqueror William II
41%
Austrian Emperor of Mexico Maximilian I
38%
Swedish Prime Minister, shot on the streets of Stockholm Olof Palme
36%
First Bourbon and only Protestant King of France Henry IV
33%
Poisoned by his wife, Agrippa Claudius
32%
Son of Catherine the Great, strangled by nobles at his desk Paul I
29%
Swedish king assassinated at a ball by a Noble conspiracy Gustav III
27%
Last King of Iraq Faisal II
24%
King of both Poland and France, killed by a Catholic fanatic Henry III
24%
Irish Independence Leader Michael Collins
22%
King of Greece for 50 years George I
21%
Fascist Chancellor of Austria, assassinated by Nazi agents in a failed coup Engelbert Dollfuss
19%
Only British Prime Minister to be assassinated Spencer Perceval
19%
Patron Saint of the Czechs, subject of a Christmas carol Wenceslaus I
14%
Father of modern-day Myanmar Aung San
13%
Great expander of the Rashidun Caliphate Omar
10%
Sultan executed by the Janissaries Osman II
9%
English king known as "the Martyr", succeeded by Æthelred the Unready Edward the Martyr
8%
No matching quizzes found
Score Distribution
Percent of People with Each Score
Percentile by Number Answered
Your Score History
You have not taken this quiz